<?xml version="1.0" encoding="UTF-8"?>
<marc:record xmlns:marc="http://www.loc.gov/MARC21/slim">
   <marc:leader>00000nam a2200000 a 4500</marc:leader>
   <marc:datafield ind1="1" ind2=" " tag="100">
      <marc:subfield code="a">Boehme, Julia</marc:subfield>
      <marc:subfield code="4">aut</marc:subfield>
      <marc:subfield code="e">Verfasser/-in</marc:subfield>
   </marc:datafield>
   <marc:datafield ind1="0" ind2="0" tag="245">
      <marc:subfield code="a">Conni und das geklaute Kaninchen</marc:subfield>
   </marc:datafield>
   <marc:datafield ind1=" " ind2="1" tag="264">
      <marc:subfield code="b">Carlsen Verlag GmbH</marc:subfield>
      <marc:subfield code="c">2023</marc:subfield>
   </marc:datafield>
   <marc:datafield ind1="1" ind2=" " tag="490">
      <marc:subfield code="a">Meine Freundin Conni</marc:subfield>
   </marc:datafield>
   <marc:datafield ind1="1" ind2=" " tag="520">
      <marc:subfield code="a">Conni ist begeistert! Der Tierpark "Glücksklee" sucht Unterstützung. Zusammen mit anderen Kindern kümmern sich Conni, Anna und Billi um süße Kaninchen, freche Ziegen, Esel und Ponys. Doch dann verschwindet auf einmal eines der Kaninchen. Ob Krümel von eimem Fuchs geholt wurde? Zusammen mit Paul legen sich die drei Freundinnen auf die Lauer. Und finden tatsächlich eine heiße Spur ...</marc:subfield>
   </marc:datafield>
   <marc:datafield ind1=" " ind2=" " tag="020">
      <marc:subfield code="a">9783551556318</marc:subfield>
      <marc:subfield code="9">9783551556318</marc:subfield>
   </marc:datafield>
</marc:record>
